000 00470nam a22001817a 4500
008 180228b xxu||||| |||| 00| e tur d
020 _a975254097X
041 _atur
050 _aPL248.T67
100 _aTosuner, Necati
_91014
245 _aElde Kitap
250 _a1.Baskı
260 _aİstanbul
_bNeden Kitap
_cEkim 2005
300 _a320 Sayfa
500 _aNecati Tosuner Kitaplığı : 12 Deneme : 1
650 0 _9145
_aTürk Edebiyatı
942 _2lcc
_cBK
999 _c1915
_d1877